000 00914cam a2200313u 4500
001 data
005 20260322212102.0
008 data
035 _a6715895
906 _a0
_bcbc
_cpremunv
_du
_encip
_f19
_gy-gencatlg
010 _a 79450435
035 _9(DLC) 79450435
040 _aDLC
_cCarP
_dDLC
050 0 0 _aRM300
100 1 _aJongh, Samuel Elzevier de,
_d1898-
245 1 0 _aInleiding tot de algemene farmocologie.
250 _a3. geheel herz druk.
260 _aAmsterdam,
_bNoord-Hollandsche U. M.,
_c1969.
300 _axv, 284 p.
_c24 cm.
336 _atext
_btxt
_2rdacontent
337 _aunmediated
_bn
_2rdamedia
338 _avolume
_bnc
_2rdacarrier
500 _aQV 4 J79i 1969]
650 0 _aPharmacology.
650 2 _aPharmacology.
700 1 _aNoach, E. L.,
_ejoint author.
991 _bc-GenColl
_hRM300
_tCopy 1
_wPREM
999 _c1485
_d1485